| 000 | 00780nam a22002057a 4500 | ||
|---|---|---|---|
| 005 | 20180706124219.0 | ||
| 010 | _aENG-123394 | ||
| 020 |
_c850.00 _a9789352533831 |
||
| 035 | _aEN-106926 | ||
| 037 | _bDBAD/PUB | ||
| 082 | _a620.00151 | ||
| 100 | _aDass, S.K. | ||
| 245 | 0 | 0 |
_aAdvanced engineering mathematics : _cby S.K. Dass _b(for the students of M.E., B.E. and other engineering examinations / |
| 250 | _a22nd Revi.edn. | ||
| 260 |
_aNew Delhi _bS. Chand and Company _c2018 |
||
| 270 |
_a7361, Ram Nagar, _bNew Delhi _e110055 |
||
| 300 |
_axxv, 1410p. _c26cm(pbk) _bill. |
||
| 500 | _aIt includes paper June 2016 (I & II), Paper December 2016 (I & II), Paper June 2017 (I & II), Paper Dec. 2017 (I&II) and index. | ||
| 942 |
_2ddc _cEN _mDAS _h620.00151 |
||
| 999 |
_c153491 _d153491 |
||